Culture in international construction (Record no. 114225)
[ view plain ]
| 000 -LEADER | |
|---|---|
| fixed length control field | 01391cam a22002415a 4500 |
| 001 - CONTROL NUMBER | |
| control field | L156382 |
| 008 - FIXED-LENGTH DATA ELEMENTS--GENERAL INFORMATION | |
| fixed length control field | 120515s2012 xxk f 001 0 eng d |
| 020 ## - INTERNATIONAL STANDARD BOOK NUMBER | |
| International Standard Book Number | 9780415472753 |
| 035 ## - SYSTEM CONTROL NUMBER | |
| System control number | (Sirsi) u156382 |
| 041 0# - LANGUAGE CODE | |
| Language code of text/sound track or separate title | eng |
| 050 04 - LIBRARY OF CONGRESS CALL NUMBER | |
| Classification number | 338.88724 $2 18 |
| 100 1# - MAIN ENTRY--PERSONAL NAME | |
| Personal name | Tijhuis, Wilco |
| 245 00 - TITLE STATEMENT | |
| Title | Culture in international construction |
| 260 ## - PUBLICATION, DISTRIBUTION, ETC. | |
| Place of publication, distribution, etc. | Oxon |
| -- | Spon Press |
| Date of publication, distribution, etc. | 2012 |
| 300 ## - PHYSICAL DESCRIPTION | |
| Extent | xviii, 200 p. |
| Other physical details | ill. |
| Dimensions | 24 cm |
| 350 ## - PRICE (NR) (BK AM CF MU VM SE) [OBSOLETE] | |
| Price | 65 |
| 505 2# - FORMATTED CONTENTS NOTE | |
| Formatted contents note | Introduction -- Construction: a globalizing business -- Culture's influences in construction: theory and applications --The practice:international case studies -- Lessons learned -- A future vision for culture in international construction. |
| 520 ## - SUMMARY, ETC. | |
| Summary, etc. | This book presents up-to-date theory and practical guidance, identifying situations in which cultural differences present challenges. A focus on "critical incidents", demonstrated in a range of case studies will help readers to foresee such situations in their own projects and processes, and so improve strategic and operational decision-making in construction collaborations. Detailed examples are taken from the Netherlands, Germany, Poland, Turkey, the UAE, and China, to explore a variety of problems in very different economic and cultural surroundings. |
| 521 ## - TARGET AUDIENCE NOTE | |
| Target audience note | Advanced |
| 651 #4 - SUBJECT ADDED ENTRY--GEOGRAPHIC NAME | |
| Geographic name | ENGLAND AND WALES |
| 690 ## - LOCAL SUBJECT ADDED ENTRY--TOPICAL TERM (OCLC, RLIN) | |
| Topical term or geographic name as entry element | Construction management |
| 9 (RLIN) | 6230 |
| 942 ## - ADDED ENTRY ELEMENTS (KOHA) | |
| Suppress in OPAC | 0 |
| Withdrawn status | Lost status | Source of classification or shelving scheme | Damaged status | Not for loan | Home library | Current library | Shelving location | Date acquired | Cost, normal purchase price | Total Checkouts | Full call number | Barcode | Date last seen | Copy number | Cost, replacement price | Price effective from | Koha item type |
|---|---|---|---|---|---|---|---|---|---|---|---|---|---|---|---|---|---|
| Dewey Decimal Classification | London | London | Books | 11/07/2012 | 61.75 | 338.88724 TIJ | 30077440 | 06/08/2019 | 1 | 61.75 | 06/08/2019 | Book |